Технология изготовления химического и нефтяного оборудования повышенной износостойкости с использованием прогрессивных способов литья, деформирования, применение износостойкости материалов, сплавов, покрытий и специальных режимов термообработки: сборник научных трудов

Bibliographic Details
Corporate Author: Проектно-конструкторское и технологическое бюро химического машиностроения
Other Authors: Масалимов Р. М. (редактор), Ворошилов В. А.
Language:Russian
Published: Пермь, Изд-во ПКТБхиммаш, 1983
Subjects:
Format: MixedMaterials Book
KOHA link:https://koha.lib.tpu.ru/cgi-bin/koha/opac-detail.pl?biblionumber=291156

MARC

LEADER 00000nam0a2200000 4500
001 291156
005 20231102000347.0
020 |a RU  |b 83-81455 
035 |a (RuTPU)RU\TPU\book\315721 
090 |a 291156 
100 |a 20150411d1983 k y0rusy5003 ca 
101 0 |a rus 
102 |a RU 
105 |a a z 001zy 
200 1 |a Технология изготовления химического и нефтяного оборудования повышенной износостойкости с использованием прогрессивных способов литья, деформирования, применение износостойкости материалов, сплавов, покрытий и специальных режимов термообработки  |e сборник научных трудов  |f Проектно-конструкторское и технологическое бюро химического машиностроения ; под ред. Р. М. Масалимова, В. А. Ворошилова 
210 |a Пермь  |c Изд-во ПКТБхиммаш  |d 1983 
215 |a 155 с.  |c ил. 
320 |a Библиогр. в конце ст. 
606 1 |a Химическое машиностроение  |2 stltpush  |3 (RuTPU)RU\TPU\subj\31114  |9 54065 
610 1 |a нефтяное машиностроение 
610 1 |a износостойкость 
610 1 |a литье 
610 1 |a деформирование 
610 1 |a износостойкие материалы 
610 1 |a применение 
610 1 |a сплавы 
610 1 |a покрытия 
610 1 |a термообработка 
610 1 |a абразивное изнашивание 
610 1 |a агрессивные среды 
675 |a 66.02.002  |z rus  |v 3 
702 1 |a Масалимов  |b Р. М.  |4 340 
702 1 |a Ворошилов  |b В. А.  |4 340 
712 0 2 |a Проектно-конструкторское и технологическое бюро химического машиностроения  |c (Пермь)  |2 stltpush  |3 (RuTPU)RU\TPU\col\23258  |9 28284 
801 0 |a RU  |b RuMRKP  |c 19950704  |g psbo 
801 1 |a RU  |b 63413507  |c 20150411 
801 2 |a RU  |b 63413507  |c 20190114  |g RCR 
942 |c BK